Hynek Heřman : doktore, rodíme! : plus pět otevřených zpovědí žen o cestě k mateřství /
Uloženo v:
| Hlavní autor: | |
|---|---|
| Další autoři: | |
| Médium: | Kniha |
| Jazyk: | Czech |
| Vydáno: |
Praha :
Dobrovský, s.r.o.,
2026
|
| Edice: | Talk
|
| Témata: | |
| Celkem bylo vypůjčeno: | 0x |
| Tagy: |
Žádné tagy |
| LEADER | 02238nam a22005777i 4500 | ||
|---|---|---|---|
| 001 | 106280 | ||
| 003 | CZ PrSKC | ||
| 005 | 20260511102234.0 | ||
| 007 | ta | ||
| 008 | 260429s2026 xr acf e 000 0acze d | ||
| 020 | |a 9788027761531 |q (vázáno) : |c Kč 399.00 | ||
| 040 | |a UOG001 |b cze |d KLG001 |e rda | ||
| 072 | 7 | |a 618 |x Gynekologie. Porodnictví |2 Konspekt |9 14 | |
| 072 | 7 | |a 929 |x Biografie |2 Konspekt |9 8 | |
| 080 | |a 618.4/.5-051 |2 MRF | ||
| 080 | |a 618.2 |2 MRF | ||
| 080 | |a 618.4/.5 |2 MRF | ||
| 080 | |a 618.2/.3 |2 MRF | ||
| 080 | |a 614.253 |2 MRF | ||
| 080 | |a 929 |2 MRF | ||
| 080 | |a (437.3) |2 MRF | ||
| 080 | |a (047.53) |2 MRF | ||
| 080 | |a (0.062) |2 MRF | ||
| 080 | |a (0:82-94) |2 MRF | ||
| 100 | 1 | |a Lišková, Karolína |7 mzk20241241027 |4 aut |9 115780 | |
| 245 | 1 | 0 | |a Hynek Heřman : |b doktore, rodíme! : plus pět otevřených zpovědí žen o cestě k mateřství / |c Karolína Lišková |
| 246 | 3 | |a Doktore, rodíme! | |
| 264 | 1 | |a Praha : |b Dobrovský, s.r.o., |c 2026 | |
| 300 | |a 306 stran, 32 nečíslovaných stran obrazových příloh : |b ilustrace (převážně barevné), portréty ; |c 21 cm | ||
| 336 | |a text |b txt |2 rdacontent | ||
| 337 | |a bez média |b n |2 rdamedia | ||
| 338 | |a svazek |b nc |2 rdacarrier | ||
| 490 | 1 | |a Talk | |
| 504 | |a Obsahuje bibliografii | ||
| 600 | 1 | 4 | |a Heřman, Hynek, |d 1972- |7 xx0073991 |2 czenas |9 117316 |
| 648 | 7 | |a 20.-21. století |7 ch462155 |2 czenas |9 53009 | |
| 650 | 7 | |a porodníci |7 ph234826 |y 20.-21. století |z Česko |2 czenas | |
| 650 | 7 | |a porodnictví |7 ph124365 |y 20.-21. století |z Česko |2 czenas | |
| 650 | 0 | 7 | |a těhotenství |7 ph126830 |2 czenas |
| 650 | 0 | 7 | |a porod |7 ph124364 |2 czenas |
| 650 | 0 | 7 | |a lékař a pacient |7 ph122494 |2 czenas |
| 655 | 7 | |a rozhovory |7 fd133303 |2 czenas |9 2157 | |
| 655 | 7 | |a populárně-naučné publikace |7 fd131864 |2 czenas |9 102 | |
| 655 | 7 | |a autobiografické vzpomínky |7 fd131854 |2 czenas |9 53458 | |
| 700 | 1 | |a Heřman, Hynek, |d 1972- |7 xx0073991 |4 aut |9 117316 | |
| 710 | 2 | |a Dobrovský (firma) |7 olak2017946581 |4 pbl |9 117120 | |
| 830 | 0 | |a Talk | |
| 910 | |a UOG502 | ||
| 942 | |2 ddc |c KN | ||
| 999 | |d 106280 | ||
| 993 | |0 0 |1 421180107004 |2 ddc |4 0 |6 61_000000000000000 |7 0 |9 99647 |b 0 |c 107004 |d 2026-05-11 |e 0 |f DOSP |g 61 |h 399.00 |i Koupě |l DOSP |r 2026-05-11 |t 5 |w 2026-05-11 |y KN |z NAUCNA |n | ||